000 00849nam a2200241 a 4500
005 20200104041524.0
008 140121b2000 ck ||||| |||| 00| 0 spa d
041 _aspa
044 _ack
090 _aIAvH
_b00135
110 2 _bInstituto de Investigación de Recursos Biológicos Alexander von Humboldt
_9204
245 1 0 _aInformación municipal y regional asociada a la biodiversidad en Colombia, INFORMAR :
_bmanual del usuario, volumen 1 numeración alfanumérica
260 _aBogotá :
_bInstituto Alexander von Humboldt,
_c2000.
300 _a35 p.
_c28 cm.
500 _aprimer borrador
650 4 _aSistemas de información
_xManual del usuario
_927658
650 6 _aMunicipios
_927659
650 4 _aBiodiversidad
_992204
650 6 _aINFORMAR
_94439
650 _aBases de datos
_927661
662 _aColombia
942 _cINFORME
_2z
999 _c1780
_d1780